00414nam a2200157Ia 45000010006000000050017000060080041000230410008000640820015000721000050000872450061001372600009001983000033002076500008002406540008002482063320260306172820.0260306t2006||||xx |||||||||||||| ||spa|| aESP a343.6bC12 aCabrera, Marco A. (Marco Antonio), 1936-eAUT 0aDerecho administrativo y derecho procesal administrativo c2006 axii, 856 páginas :c24 cm. aGEN aCDE